[Event "1.CLZ 24/25,Spartak Vlasim-MGMBA Unichess"]
[Site "Vlasim"]
[Date "2024.11.10"]
[Round "2.6"]
[White "Slampa, Jan"]
[Black "Dudek, Vojtech"]
[WhiteElo "2197"]
[BlackElo "2138"]
[Result "0-1"]
[PlyCount "138"]

1. d4 Nf6 2. c4 c5 3. d5 b5 4. cxb5 a6 5. e3 g6 6. Nc3 Bg7 7. Nf3 O-O 8. bxa6
Qa5 9. a7 Qxa7 10. Be2 d6 11. O-O Ba6 12. Nd2 Nbd7 13. Nc4 Rfb8 14. a4 Rb4 15.
Na3 Bxe2 16. Qxe2 Qa6 17. Qe1 Qd3 18. Qd1 Qxd1 19. Rxd1 Ne4 20. Ncb5 Raxa4 21.
Rb1 c4 22. f3 Nec5 23. Nc3 Bxc3 24. bxc3 Rb3 25. Rxb3 cxb3 26. Kf1 Nb6 27. Ke2
Ra8 28. Rd4 f5 29. Kd2 b2 30. Bxb2 Nb3+ 31. Kc2 Nxd4+ 32. exd4 Nxd5 33. Bc1
Ne3+ 34. Bxe3 Rxa3 35. Bc1 Ra8 36. Bb2 d5 37. h4 Kf7 38. g3 Ke6 39. Bc1 Kd6 40.
Kd3 Kc6 41. Bg5 Ra1 42. Ke3 Ra7 43. Bh6 Kb5 44. Kd3 Ra1 45. Bg5 Rd1+ 46. Ke2
Rg1 47. Kf2 Rb1 48. Bxe7 Kc4 49. Ke2 Kxc3 50. Bf6 Rb2+ 51. Ke3 Kc4 52. Be5 Rb3+
53. Kf4 Kd3 54. Kg5 Ke2 55. Kh6 Rb7 56. h5 Rb6 57. hxg6 hxg6 58. f4 Kf3 59. Kg5
Kxg3 60. Bg7 Kf3 61. Be5 Ke4 62. Kh6 Rb1 63. Kxg6 Rf1 64. Kg5 Rf3 65. Bc7 Kxd4
66. Kxf5 Ke3 67. Ke6 Ke4 68. Be5 Rf1 69. Kd6 d4 0-1

[Event "1.CLZ 24/25,Spartak Vlasim-MGMBA Unichess"]
[Site "Vlasim"]
[Date "2024.11.10"]
[Round "2.7"]
[White "Vojta, Tomas"]
[Black "Kovar, Vojtech"]
[WhiteElo "2321"]
[BlackElo "2201"]
[Result "1-0"]
[PlyCount "73"]

1. e4 c5 2. f4 d5 3. exd5 Qxd5 4. Nc3 Qd8 5. Nf3 Nc6 6. Ne5 Bd7 7. Bb5 Rc8 8.
Qe2 Nf6 9. Bxc6 Bxc6 10. Nb5 Bxb5 11. Qxb5+ Nd7 12. Qxb7 Nxe5 13. fxe5 g6 14.
O-O Bg7 15. Qb5+ Qd7 16. Qxd7+ Kxd7 17. Re1 Ke6 18. d3 c4 19. d4 c3 20. b3 Rhd8
21. Be3 f6 22. exf6 Kxf6 23. Rf1+ Ke6 24. Rae1 Kd5 25. Rf7 Bf6 26. Rxh7 Rd6 27.
Rh3 Re6 28. Kf1 Re4 29. Bf2 Rf4 30. Rf3 Rxf3 31. gxf3 Rh8 32. Kg2 e6 33. Re4
Rh5 34. Rg4 e5 35. Rxg6 Bh4 36. Bxh4 Rxh4 37. dxe5 1-0

[Event "1.CLZ 24/25,Spartak Vlasim-MGMBA Unichess"]
[Site "Vlasim"]
[Date "2024.11.10"]
[Round "2.8"]
[White "Bartos, Jan"]
[Black "Rajnys, Vladimir"]
[WhiteElo "2082"]
[BlackElo "1950"]
[Result "1-0"]
[PlyCount "53"]

1. c4 Nf6 2. Nf3 e6 3. Nc3 d5 4. e3 c6 5. d4 Be7 6. b3 Nbd7 7. Bd3 a6 8. O-O
O-O 9. Bb2 Bd6 10. Qc2 e5 11. cxd5 cxd5 12. e4 exd4 13. Nxd5 Ne5 14. Nxf6+ Qxf6
15. Nxe5 Bxe5 16. f4 Bb8 17. e5 Qb6 18. Bxh7+ Kh8 19. Bd3 f6 20. Ba3 Rd8 21.
Be7 Re8 22. exf6 gxf6 23. Qe2 Kg7 24. Bxf6+ Qxf6 25. Qxe8 Bxf4 26. Rxf4 Qxf4
27. Qg6+ 1-0

[Event "1.CLZ 24/25,Lysa nad Labem B-Sokol Vysehrad"]
[Site "Lysa nad Labem"]
[Date "2024.11.10"]
[Round "2.1"]
[White "Kraus, Tomas"]
[Black "Vlasak, Lukas"]
[WhiteElo "2457"]
[BlackElo "2458"]
[Result "1-0"]
[PlyCount "117"]

1. e4 c6 2. d4 d5 3. Nd2 dxe4 4. Nxe4 Nf6 5. Nxf6+ exf6 6. c3 Bd6 7. Bd3 O-O 8.
Qc2 Re8+ 9. Ne2 h5 10. O-O h4 11. Nf4 Nd7 12. Qd1 Nf8 13. Qh5 Bxf4 14. Bxf4 h3
15. gxh3 Be6 16. Rfe1 Qd7 17. Re3 Ng6 18. Bxg6 fxg6 19. Qxg6 Bf5 20. Qg3 Rxe3
21. fxe3 Bxh3 22. e4 Re8 23. Re1 Qg4 24. Kf2 Qxg3+ 25. Bxg3 f5 26. Be5 fxe4 27.
Rxe4 Bf5 28. Re1 b5 29. Rg1 Re7 30. Ke3 a5 31. b3 g6 32. c4 bxc4 33. bxc4 Rb7
34. Rc1 Kf7 35. Rc3 Be6 36. Kd3 Bf5+ 37. Ke3 Be6 38. Ra3 Bxc4 39. Rxa5 Rb6 40.
Ra7+ Ke6 41. Ke4 Rb2 42. a4 c5 43. Ra6+ Bxa6 44. d5+ Kd7 45. Bxb2 Kd6 46. Bg7
Ke7 47. Ke5 Bb7 48. Bh6 Kd7 49. Bf8 c4 50. Bb4 g5 51. Kd4 Ba6 52. Kc5 Bb7 53.
Kxc4 g4 54. Kc5 Ba6 55. a5 Be2 56. Kb6 Bf3 57. d6 Kc8 58. a6 Be2 59. d7+ 1-0

[Event "1.CLZ 24/25,Lysa nad Labem B-Sokol Vysehrad"]
[Site "Lysa nad Labem"]
[Date "2024.11.10"]
[Round "2.3"]
[White "Pulpan, Jakub"]
[Black "Vavra, Pavel"]
[WhiteElo "2398"]
[BlackElo "2310"]
[Result "1-0"]
[PlyCount "83"]

1. e4 c5 2. Nf3 Nc6 3. Bb5 e6 4. O-O Nge7 5. Re1 a6 6. Bf1 Ng6 7. c3 Be7 8. d4
cxd4 9. cxd4 d5 10. e5 f5 11. exf6 Bxf6 12. Bd3 Qd6 13. Nc3 Nce7 14. Ne5 O-O
15. Ng4 Nf4 16. Be3 Nxd3 17. Qxd3 Nc6 18. Rad1 Bd7 19. Nxf6+ Rxf6 20. Bg5 Rf5
21. Bh4 Qb4 22. Bg3 Rc8 23. Rd2 Na5 24. Rc2 Rc4 25. Rd1 Nc6 26. Ne2 Rxc2 27.
Qxc2 Qc4 28. Qxc4 dxc4 29. Nc3 Nb4 30. a3 Nd3 31. b3 b5 32. Rb1 cxb3 33. Rxb3
Nf4 34. f3 Bc6 35. Kf2 Nxg2 36. d5 exd5 37. Kxg2 g5 38. Ne2 h5 39. Nd4 Rf6 40.
Be5 Rg6 41. Rc3 Be8 42. Rc5 1-0

[Event "1.CLZ 24/25,Lysa nad Labem B-Sokol Vysehrad"]
[Site "Lysa nad Labem"]
[Date "2024.11.10"]
[Round "2.4"]
[White "Serrano, Salvador"]
[Black "Cerveny, Martin"]
[WhiteElo "2269"]
[BlackElo "2328"]
[Result "1-0"]
[PlyCount "95"]

1. d4 Nf6 2. Nf3 e6 3. Bg5 c5 4. d5 Qa5+ 5. c3 Nxd5 6. e4 Ne7 7. Na3 Ng6 8. Nc4
Qc7 9. e5 b6 10. h4 h6 11. Be3 Ba6 12. Nd6+ Bxd6 13. exd6 Qb7 14. Bxa6 Qxa6 15.
h5 Nf8 16. Ne5 Qb7 17. Qg4 Rg8 18. Nxf7 Kxf7 19. O-O-O Nc6 20. Rh3 Ke8 21. Bxh6
g5 22. Bxf8 Ne5 23. Qe2 Rxf8 24. Qxe5 Qxg2 25. Qg7 Rf7 26. Qg8+ Rf8 27. Qg7 Rf7
28. Qg8+ Rf8 29. Qg6+ Kd8 30. Qg7 Qxf2 31. h6 Qf4+ 32. Rd2 Qf1+ 33. Rd1 Qf4+
34. Rd2 Kc8 35. Rh1 Qf3 36. Rdd1 Qf4+ 37. Kb1 Kb7 38. Qxd7+ Ka6 39. Qxe6 Rae8
40. Qd5 Re5 41. Qd3+ c4 42. Qd4 Re4 43. Qd5 Re5 44. Qc6 Qf5+ 45. Ka1 Rc5 46.
Qa4+ Kb7 47. d7 b5 48. Qa5 1-0

[Event "1.CLZ 24/25,Lysa nad Labem B-Sokol Vysehrad"]
[Site "Lysa nad Labem"]
[Date "2024.11.10"]
[Round "2.5"]
[White "Suran, Jan"]
[Black "Sedy, Pavel"]
[WhiteElo "2372"]
[BlackElo "2131"]
[Result "1/2-1/2"]
[PlyCount "138"]

1. d4 d5 2. Nf3 Nf6 3. g3 e6 4. Bg2 Be7 5. c4 O-O 6. O-O Nbd7 7. Qc2 c5 8. cxd5
Nxd5 9. Nc3 Nb4 10. Qb1 Bf6 11. Rd1 Qe7 12. a3 Nc6 13. Be3 cxd4 14. Nxd4 Nxd4
15. Bxd4 Bxd4 16. Rxd4 Nf6 17. Qd3 e5 18. Nd5 Nxd5 19. Rxd5 f6 20. Rd1 a5 21.
Rd6 Kh8 22. Rb6 f5 23. Qd6 Qxd6 24. Rdxd6 Ra7 25. Rb5 e4 26. f3 exf3 27. Bxf3
g6 28. Rc5 Re8 29. Kf2 Kg7 30. Rc7+ Kh6 31. Rb6 Ra6 32. Rxa6 bxa6 33. Rc5 Bd7
34. Rxa5 Rb8 35. Rxa6 Rxb2 36. a4 Ra2 37. a5 Bb5 38. Ra7 Kg5 39. h4+ Kf6 40.
Rf7+ Ke5 41. Rxh7 Rxa5 42. Rb7 Bc4 43. Rc7 Be6 44. Rc3 Rb5 45. Ra3 Bb3 46. Bc6
Rb6 47. Ra5+ Kf6 48. Bb5 Be6 49. Bd3 Rc6 50. Ke3 Rc1 51. Ra6 Ke5 52. Rb6 Rg1
53. Rb5+ Kf6 54. Kf2 Rc1 55. e4 fxe4 56. Bxe4 Bf7 57. g4 Rc3 58. g5+ Kg7 59.
Bf3 Rb3 60. Ra5 Rd3 61. Kg3 Rd4 62. Re5 Ra4 63. Be4 Ra3+ 64. Kf4 Rh3 65. Kg4
Re3 66. Kf4 Rh3 67. Kg4 Re3 68. Re7 Kf8 69. Re5 Kg7 1/2-1/2

[Event "1.CLZ 24/25,Lysa nad Labem B-Sokol Vysehrad"]
[Site "Lysa nad Labem"]
[Date "2024.11.10"]
[Round "2.6"]
[White "Filipi, Stepan"]
[Black "Mikes, Jan"]
[WhiteElo "2153"]
[BlackElo "2360"]
[Result "0-1"]
[PlyCount "78"]

1. e4 c5 2. Nf3 Nc6 3. Nc3 e6 4. d4 cxd4 5. Nxd4 Nf6 6. g3 d5 7. exd5 exd5 8.
Bg2 Bg4 9. Nxc6 bxc6 10. Qd3 Be7 11. O-O O-O 12. Be3 Nd7 13. f4 Nc5 14. Bxc5
Bxc5+ 15. Kh1 Re8 16. Rae1 Qf6 17. Na4 Bf8 18. c3 h5 19. Bf3 Bxf3+ 20. Qxf3 Qf5
21. Re2 Re4 22. b3 Rae8 23. Rfe1 h4 24. g4 Qe6 25. Rxe4 dxe4 26. Qe2 Bd6 27.
Rf1 e3 28. Nb2 Qe4+ 29. Qg2 e2 30. Re1 h3 31. Qxe4 Rxe4 32. Nd3 Bxf4 33. Nxf4
Rxf4 34. Kg1 Rxg4+ 35. Kf2 Rg2+ 36. Kf3 g5 37. Rxe2 g4+ 38. Ke3 Rxe2+ 39. Kxe2
g3 0-1

[Event "1.CLZ 24/25,Lysa nad Labem B-Sokol Vysehrad"]
[Site "Lysa nad Labem"]
[Date "2024.11.10"]
[Round "2.7"]
[White "Spacek, Petr"]
[Black "Kunc, Jan"]
[WhiteElo "2288"]
[BlackElo "2051"]
[Result "1/2-1/2"]
[PlyCount "127"]

1. c4 c6 2. e4 d5 3. exd5 cxd5 4. d4 Nf6 5. Nc3 g6 6. cxd5 Nxd5 7. Qb3 Nb6 8.
Bb5+ Bd7 9. Nf3 Bg7 10. Bxd7+ N8xd7 11. a4 a5 12. O-O O-O 13. Bf4 Nf6 14. Be5
Nfd5 15. Rac1 Qd7 16. Bxg7 Kxg7 17. Ne5 Qd6 18. Qb5 Qb4 19. Nxd5 Qxb5 20. axb5
Nxd5 21. Rc4 Rfd8 22. g3 f6 23. Nf3 Rd7 24. Rfc1 Nb6 25. Rc5 Na4 26. R5c2 Nb6
27. Kf1 Rad8 28. Ke2 Rd5 29. Rc5 Na4 30. Rxd5 Rxd5 31. b3 Nb6 32. Rc5 Kf7 33.
Kd3 Ke6 34. Nd2 Kd6 35. Ne4+ Kd7 36. Nc3 Rd6 37. Ne4 Rd5 38. h4 h5 39. f4 Ke6
40. Rxd5 Kxd5 41. Nc5 e5 42. fxe5 fxe5 43. Nxb7 exd4 44. Nxa5 Nd7 45. Nc4 Nc5+
46. Kc2 Ne4 47. b6 Kc6 48. g4 hxg4 49. Kd3 Nc5+ 50. Kxd4 Nxb3+ 51. Ke4 Nc5+ 52.
Kf4 g3 53. Kxg3 Kd5 54. Na5 Nd7 55. b7 Kc5 56. Kf4 Kb6 57. Nc4+ Kxb7 58. Ne5
Kc7 59. Nxg6 Nf6 60. Kf5 Ng8 61. Ke6 Kd8 62. Kf7 Nh6+ 63. Kf8 Kd7 64. Kg7
 1/2-1/2

[Event "1.CLZ 24/25,Lysa nad Labem B-Sokol Vysehrad"]
[Site "Lysa nad Labem"]
[Date "2024.11.10"]
[Round "2.8"]
[White "Vanek, Petr"]
[Black "Neckar, Lubomir"]
[WhiteElo "2001"]
[BlackElo "2226"]
[Result "1/2-1/2"]
[PlyCount "71"]

1. e4 d5 2. exd5 Qxd5 3. Nc3 Qd8 4. d4 Nf6 5. Nf3 c6 6. h3 Bf5 7. Bd3 Bxd3 8.
Qxd3 e6 9. Bf4 Bb4 10. O-O Nbd7 11. Ne4 Nxe4 12. Qxe4 Nf6 13. Qe5 O-O 14. c4
Rc8 15. a3 Be7 16. Rad1 Qb6 17. b4 Rfd8 18. Rd3 Qa6 19. Rc3 b5 20. c5 Nd5 21.
Rd3 Bf6 22. Qe4 Nxf4 23. Qxf4 Rd5 24. Rfd1 Rcd8 25. g4 h6 26. h4 e5 27. Qe4
exd4 28. g5 hxg5 29. hxg5 Bxg5 30. Rxd4 Rxd4 31. Rxd4 Rxd4 32. Qe8+ Kh7 33.
Nxg5+ Kh6 34. Nxf7+ Kh7 35. Ng5+ Kh6 36. Nf7+ 1/2-1/2

[Event "1.CLZ 24/25,DP Praha-TJ Neratovice"]
[Site "Praha"]
[Date "2024.11.10"]
[Round "2.1"]
[White "Burdalev, Kirill"]
[Black "Cheraghi, Amin"]
[WhiteElo "2348"]
[BlackElo "2332"]
[Result "1-0"]
[PlyCount "97"]

1. d4 Nf6 2. c4 e6 3. Nf3 Bb4+ 4. Bd2 a5 5. a3 Bxd2+ 6. Qxd2 d6 7. Nc3 Nbd7 8.
e3 O-O 9. Bd3 e5 10. O-O Re8 11. Bc2 h6 12. e4 exd4 13. Qxd4 Ne5 14. Nxe5 dxe5
15. Qxd8 Rxd8 16. Nd5 Ne8 17. Rfd1 Be6 18. c5 a4 19. Nc3 Bb3 20. Bxb3 axb3 21.
Nd5 Kf8 22. Rac1 Rd7 23. c6 bxc6 24. Rxc6 Nf6 25. f3 Rad8 26. Kf2 Nxd5 27. Rxd5
Rxd5 28. exd5 Rxd5 29. Ke2 Ke7 30. Rxc7+ Ke6 31. Rc6+ Kf5 32. Rc3 Rb5 33. Kd3
Rd5+ 34. Ke3 Rb5 35. Rc1 Ke6 36. Rc4 g6 37. Kd3 f5 38. Kc3 Rb6 39. a4 e4 40.
fxe4 fxe4 41. a5 Rd6 42. Kxb3 Kd5 43. Kc3 Ke6 44. Rc8 Rd1 45. Re8+ Kf5 46. b4
Ra1 47. Kd4 Ra4 48. Re5+ Kf6 49. Rb5 1-0

[Event "1.CLZ 24/25,DP Praha-TJ Neratovice"]
[Site "Praha"]
[Date "2024.11.10"]
[Round "2.2"]
[White "Orsag, Milan"]
[Black "Hrabusa, Matej"]
[WhiteElo "2231"]
[BlackElo "2338"]
[Result "0-1"]
[PlyCount "66"]

1. d4 d5 2. c4 c6 3. Nc3 Nf6 4. Nf3 e6 5. e3 Nbd7 6. Qc2 Bd6 7. Bd3 dxc4 8.
Bxc4 b5 9. Be2 Bb7 10. O-O O-O 11. e4 e5 12. Bg5 Qc7 13. Rac1 a6 14. Nd5 Nxd5
15. exd5 Rac8 16. Qd2 e4 17. dxc6 Bxc6 18. d5 exf3 19. gxf3 Nb8 20. dxc6 h6 21.
Be3 Rfd8 22. Qc2 Bxh2+ 23. Kg2 Bf4 24. Qf5 Bxe3 25. fxe3 Rd2 26. Rf2 Nxc6 27.
a4 bxa4 28. f4 Qd8 29. Bc4 Rxf2+ 30. Kxf2 Rc7 31. Rg1 Qh4+ 32. Kf1 Qh2 33. Qg4
Qxb2 0-1

[Event "1.CLZ 24/25,DP Praha-TJ Neratovice"]
[Site "Praha"]
[Date "2024.11.10"]
[Round "2.3"]
[White "Plischki, Sebastian"]
[Black "Sulc, Jakub"]
[WhiteElo "2310"]
[BlackElo "2117"]
[Result "1-0"]
[PlyCount "55"]

1. d4 Nf6 2. c4 e6 3. Nc3 Bb4 4. e3 O-O 5. Bd3 c5 6. Nge2 d5 7. cxd5 Qxd5 8.
O-O Qc6 9. a3 Ba5 10. dxc5 Bxc3 11. Nxc3 Qxc5 12. Qc2 Nc6 13. b4 Qh5 14. Bb2
Bd7 15. Rfd1 Rac8 16. Be2 Qh6 17. Qb3 e5 18. Bc4 Qg6 19. Nd5 Bg4 20. Nxf6+ gxf6
21. Rd6 Bf3 22. Bf1 Rfd8 23. Rxd8+ Rxd8 24. b5 Ne7 25. Qb4 Nd5 26. Qd2 Nf4 27.
Qxd8+ Kg7 28. exf4 1-0

[Event "1.CLZ 24/25,DP Praha-TJ Neratovice"]
[Site "Praha"]
[Date "2024.11.10"]
[Round "2.4"]
[White "Mik, Tomas"]
[Black "Pachmann, Ales"]
[WhiteElo "2069"]
[BlackElo "2295"]
[Result "0-1"]
[PlyCount "54"]

1. e4 c5 2. Nf3 Nc6 3. Nc3 g6 4. d4 cxd4 5. Nxd4 Bg7 6. Be3 Nf6 7. Nxc6 bxc6 8.
e5 Ng8 9. Bd4 Qc7 10. e6 Nf6 11. exd7+ Bxd7 12. Bc4 O-O 13. Qe2 Rfe8 14. O-O-O
e5 15. Be3 Rab8 16. h3 Be6 17. g4 Nd5 18. Bd2 e4 19. Bb3 Nxc3 20. Bxc3 Bxc3 21.
bxc3 c5 22. c4 Qe5 23. Qe3 a5 24. f4 Qf6 25. f5 Bxc4 26. Qxc5 Qa1+ 27. Kd2 e3+
 0-1

[Event "1.CLZ 24/25,DP Praha-TJ Neratovice"]
[Site "Praha"]
[Date "2024.11.10"]
[Round "2.5"]
[White "Fedorov, Evgenii"]
[Black "Novotny, Martin"]
[WhiteElo "2274"]
[BlackElo "2095"]
[Result "0-1"]
[PlyCount "62"]

1. e4 c5 2. Nf3 Nc6 3. d4 cxd4 4. Nxd4 g6 5. c4 Bg7 6. Be3 Nf6 7. Nc3 Ng4 8.
Qxg4 Nxd4 9. Qd1 Ne6 10. Qd2 Qa5 11. Rb1 Bxc3 12. bxc3 d6 13. Be2 Bd7 14. f4
Bc6 15. Bf3 f6 16. O-O Kf7 17. Kh1 Rac8 18. Qf2 Qxc3 19. Rfc1 Qa5 20. c5 dxc5
21. f5 Nd4 22. Bxd4 cxd4 23. Qxd4 Rhd8 24. Qf2 Kg7 25. Qg3 Rd2 26. h4 Qe5 27.
Qg4 Rcd8 28. a3 R8d4 29. Rb4 Rxb4 30. axb4 Rb2 31. Rd1 Rxb4 0-1

[Event "1.CLZ 24/25,DP Praha-TJ Neratovice"]
[Site "Praha"]
[Date "2024.11.10"]
[Round "2.6"]
[White "Fajman, Petr"]
[Black "Martirosyan, Ara"]
[WhiteElo "2089"]
[BlackElo "1933"]
[Result "1/2-1/2"]
[PlyCount "104"]

1. d4 Nf6 2. Nf3 g6 3. c4 Bg7 4. Nc3 d5 5. cxd5 Nxd5 6. Bd2 O-O 7. e4 Nxc3 8.
Bxc3 c5 9. d5 Qb6 10. Be2 Bg4 11. O-O Nd7 12. Qc2 Bxf3 13. Bxf3 Ne5 14. Be2 g5
15. Qd2 h6 16. f4 gxf4 17. Qxf4 Qd6 18. Bh5 Ng6 19. Bxg6 Qxf4 20. Bh7+ Kxh7 21.
Rxf4 Bxc3 22. bxc3 e5 23. Rf6 Kg7 24. Raf1 Rad8 25. c4 Rd7 26. a4 Rfd8 27. R1f3
Rf8 28. Kf2 Rg8 29. R3f5 h5 30. Kg3 Kf8+ 31. Kh3 Rg4 32. Rxe5 Re7 33. Rxe7 Kxe7
34. e5 Rxc4 35. a5 Re4 36. a6 bxa6 37. Rxa6 Rxe5 38. Rxa7+ Kd6 39. Rxf7 Kxd5
40. g4 c4 41. Kh4 hxg4 42. Kxg4 c3 43. h4 Re4+ 44. Kg5 Re5+ 45. Kg6 Re6+ 46.
Kg5 Re5+ 47. Kg6 c2 48. Rf1 Kd4 49. h5 Kd3 50. h6 Re6+ 51. Kg7 Rxh6 52. Kxh6
Kd2 1/2-1/2

[Event "1.CLZ 24/25,DP Praha-TJ Neratovice"]
[Site "Praha"]
[Date "2024.11.10"]
[Round "2.7"]
[White "Pribyl, Josef"]
[Black "Purnoch, Josef"]
[WhiteElo "2183"]
[BlackElo "2102"]
[Result "1-0"]
[PlyCount "119"]

1. Nf3 c5 2. c4 Nf6 3. Nc3 Nc6 4. g3 d5 5. cxd5 Nxd5 6. Bg2 Nc7 7. O-O e5 8. d3
Be7 9. Nd2 Bd7 10. Nc4 f6 11. f4 b5 12. Ne3 exf4 13. gxf4 Rb8 14. Ned5 Nxd5 15.
Bxd5 Nb4 16. Bb3 Bc6 17. Be3 Nd5 18. Nxd5 Bxd5 19. Bxd5 Qxd5 20. Qb3 Qf5 21.
Rf3 a6 22. a4 Qg6+ 23. Rg3 Qf7 24. Qc2 O-O 25. axb5 axb5 26. Bxc5 Rfc8 27. d4
Bxc5 28. dxc5 Qc7 29. f5 Kh8 30. b4 Qe5 31. Ra7 Rc7 32. Rxc7 Qxc7 33. Qe4 h6
34. Rd3 Qa7 35. Kg2 Qa2 36. c6 Kh7 37. c7 Rc8 38. Rd7 Qc4 39. Qxc4 bxc4 40. b5
c3 41. b6 c2 42. b7 c1=Q 43. bxc8=Q Qg5+ 44. Kf2 Qf4+ 45. Ke1 Qh4+ 46. Kd2 Qf4+
47. e3 Qf2+ 48. Kc3 Qxe3+ 49. Kc4 Qe4+ 50. Rd4 Qc6+ 51. Kb3 Qb5+ 52. Rb4 Qd5+
53. Ka4 Qc6+ 54. Ka5 Qc5+ 55. Ka4 Qc6+ 56. Rb5 Qc4+ 57. Ka5 Qc3+ 58. Kb6 Qd4+
59. Kb7 Qe4+ 60. Kb8 1-0

[Event "1.CLZ 24/25,DP Praha-TJ Neratovice"]
[Site "Praha"]
[Date "2024.11.10"]
[Round "2.8"]
[White "Cernik, Lukas"]
[Black "Hajiyev, Kanan"]
[WhiteElo "2083"]
[BlackElo "2106"]
[Result "0-1"]
[PlyCount "50"]

1. f4 b6 2. Nf3 Bb7 3. e3 Nf6 4. b3 g6 5. Bb2 Bg7 6. c4 O-O 7. Nc3 c5 8. Be2 d5
9. Nxd5 Nxd5 10. Bxg7 Nxe3 11. dxe3 Kxg7 12. Qxd8 Rxd8 13. Kf2 Nd7 14. Rhd1 Nf6
15. Bd3 Rd6 16. Bc2 Ng4+ 17. Ke2 Re6 18. Rd3 Be4 19. Rc3 Bxc2 20. Ng5 Bf5 21.
Nxe6+ Bxe6 22. h3 Nf6 23. Kf3 Rd8 24. e4 Rd4 25. Re3 Bc8 0-1

[Event "1.CLZ 24/25,TJ Neratovice-Chess club Pisek"]
[Site "Neratovice"]
[Date "2024.11.24"]
[Round "3.1"]
[White "Cheraghi, Amin"]
[Black "Miesbauer, Jan"]
[WhiteElo "2332"]
[BlackElo "2402"]
[Result "1-0"]
[PlyCount "81"]

1. Nf3 Nf6 2. c4 e6 3. g3 d5 4. Bg2 d4 5. O-O c5 6. e3 Nc6 7. exd4 cxd4 8. d3
Bd6 9. Bg5 h6 10. Bxf6 Qxf6 11. Nbd2 Qd8 12. a3 a5 13. Rc1 O-O 14. c5 Bc7 15.
Qa4 Ra6 16. Rfe1 e5 17. Nc4 Re8 18. Nfd2 f5 19. b4 axb4 20. Qb3 Kh8 21. axb4 e4
22. b5 Na5 23. Nxa5 Rxa5 24. b6 Bb8 25. dxe4 f4 26. e5 fxg3 27. hxg3 Qe7 28.
Qb4 Ra2 29. Bd5 Ra6 30. Nc4 Be6 31. Bxe6 Qxe6 32. Nd6 Rf8 33. Qxd4 Ra2 34. Rf1
Re2 35. Rce1 Rc2 36. Nxb7 Rf3 37. Qe4 Qb3 38. Re3 Rxe3 39. fxe3 Kg8 40. Na5 Qc3
41. Nc6 1-0

[Event "1.CLZ 24/25,TJ Neratovice-Chess club Pisek"]
[Site "Neratovice"]
[Date "2024.11.24"]
[Round "3.2"]
[White "Stinka, Jakub"]
[Black "Kawulok, Marek"]
[WhiteElo "2355"]
[BlackElo "2219"]
[Result "0-1"]
[PlyCount "68"]

1. c4 Nf6 2. Nc3 e5 3. g3 Bc5 4. Bg2 c6 5. Nf3 e4 6. Ng5 d5 7. d4 Bb6 8. O-O h6
9. Nh3 dxc4 10. e3 O-O 11. Nf4 Bf5 12. Nh5 Nbd7 13. Nxf6+ Nxf6 14. Qa4 c5 15.
d5 Nxd5 16. Nxe4 Nb4 17. a3 Qe7 18. Nc3 Nc2 19. Rb1 Bd3 20. Rd1 Rad8 21. Bd2
Qd7 22. Qxd7 Rxd7 23. Nd5 Rfd8 24. Nxb6 axb6 25. Bc3 Nxa3 26. bxa3 Bxb1 27.
Rxb1 Rd1+ 28. Rxd1 Rxd1+ 29. Bf1 Rc1 30. Bb2 Rc2 31. Be5 f6 32. Bc7 c3 33. Bc4+
Kh8 34. Kf1 Rb2 0-1

[Event "1.CLZ 24/25,TJ Neratovice-Chess club Pisek"]
[Site "Neratovice"]
[Date "2024.11.24"]
[Round "3.3"]
[White "Skypala, Ondrej"]
[Black "Civin, Tomas"]
[WhiteElo "2232"]
[BlackElo "2389"]
[Result "1/2-1/2"]
[PlyCount "117"]

1. c4 e5 2. g3 c6 3. d4 exd4 4. Qxd4 d5 5. Bg2 Nf6 6. Nf3 Be6 7. Ng5 Bb4+ 8.
Bd2 Qe7 9. cxd5 Bxd2+ 10. Nxd2 cxd5 11. Nxe6 fxe6 12. e4 Nc6 13. Qa4 O-O 14.
O-O Rad8 15. exd5 exd5 16. Rad1 Qc5 17. Nb3 Qb6 18. Qa3 Rfe8 19. Qc5 Qxc5 20.
Nxc5 Re2 21. Nxb7 Rb8 22. Nd6 Rbxb2 23. Rxd5 Ne7 24. Ra5 Rxa2 25. Ra1 Rxa5 26.
Rxa5 Re6 27. Rxa7 Rxd6 28. Rxe7 Rd7 29. Re1 Kf7 30. Bf3 h6 31. Kg2 Ra7 32. Rb1
Rc7 33. Rb2 Ra7 34. Be2 Rc7 35. Ra2 Ke7 36. Bd3 Kf7 37. Ra5 Rd7 38. Bc4+ Ke7
39. h4 Rd4 40. Bb5 Rd5 41. Ra7+ Kf8 42. Ba4 Rd2 43. Kf3 Ra2 44. Ra8+ Ke7 45.
Ra7+ Kf8 46. Ra5 g5 47. hxg5 hxg5 48. Rf5 Rxa4 49. Rxf6+ Kg7 50. Rd6 Kf7 51.
Ke3 Rb4 52. Rd4 Rb2 53. f3 Rb3+ 54. Ke4 g4 55. fxg4 Rxg3 56. Kf5 Ra3 57. Rd7+
Kg8 58. g5 Ra6 59. Re7 1/2-1/2

[Event "1.CLZ 24/25,TJ Neratovice-Chess club Pisek"]
[Site "Neratovice"]
[Date "2024.11.24"]
[Round "3.4"]
[White "Hak, David"]
[Black "Orsag, Milan"]
[WhiteElo "2245"]
[BlackElo "2231"]
[Result "1-0"]
[PlyCount "59"]

1. d4 d5 2. c4 e6 3. Nc3 c5 4. cxd5 exd5 5. Nf3 Nf6 6. g3 Nc6 7. Bg2 Be7 8.
dxc5 Bxc5 9. a3 O-O 10. b4 Bb6 11. O-O h6 12. Bb2 Be6 13. Na4 Nd7 14. Rc1 Bc7
15. Rc2 Re8 16. Qa1 f6 17. Rd1 Bb6 18. Rcd2 Qe7 19. e3 Rad8 20. Nh4 d4 21. exd4
Bb3 22. d5 Bxd1 23. Rxd1 Qe2 24. Nxb6 Nxb6 25. Bf3 Qc2 26. Rc1 Qd2 27. dxc6 Na4
28. c7 Rc8 29. Bd4 Re7 30. Bd5+ 1-0

[Event "1.CLZ 24/25,TJ Neratovice-Chess club Pisek"]
[Site "Neratovice"]
[Date "2024.11.24"]
[Round "3.5"]
[White "Sulc, Jakub"]
[Black "Havlik, Jan"]
[WhiteElo "2117"]
[BlackElo "2346"]
[Result "0-1"]
[PlyCount "76"]

1. c4 g6 2. g3 Bg7 3. Bg2 d6 4. Nc3 e5 5. e4 Nc6 6. Nge2 Bg4 7. f3 Be6 8. d3
Qd7 9. h4 h5 10. Qa4 Nge7 11. Be3 a6 12. Rd1 Nd4 13. Qxd7+ Kxd7 14. Bxd4 exd4
15. Nd5 b5 16. Nxe7 Kxe7 17. b3 a5 18. cxb5 a4 19. Bh3 axb3 20. Bxe6 fxe6 21.
axb3 Rhb8 22. Nf4 Kf7 23. Rc1 Ra7 24. Rh2 Rxb5 25. Rb2 c5 26. Kd1 Bh6 27. Rc4
Ra1+ 28. Kc2 e5 29. Ra4 Rxa4 30. bxa4 Rxb2+ 31. Kxb2 exf4 32. a5 fxg3 33. a6 g2
34. a7 g1=Q 35. a8=Q Qc1+ 36. Ka2 Qc2+ 37. Ka1 Bd2 38. Qb7+ Kg8 0-1

[Event "1.CLZ 24/25,TJ Neratovice-Chess club Pisek"]
[Site "Neratovice"]
[Date "2024.11.24"]
[Round "3.6"]
[White "Janous, Marek"]
[Black "Mik, Tomas"]
[WhiteElo "2177"]
[BlackElo "2069"]
[Result "1-0"]
[PlyCount "141"]

1. e4 e5 2. Nf3 Nc6 3. Nc3 Nf6 4. Bb5 Bb4 5. O-O O-O 6. Bxc6 dxc6 7. d3 Bxc3 8.
bxc3 Qe7 9. a4 Rd8 10. Ba3 c5 11. Nd2 b6 12. Qe2 Ba6 13. c4 Qd6 14. Bb2 Re8 15.
f4 exf4 16. Qf3 Nd7 17. Qxf4 Qxf4 18. Rxf4 Re7 19. Nf1 Bb7 20. Ne3 f6 21. h4
Ne5 22. h5 h6 23. Nf5 Rf7 24. Raf1 Re8 25. Ne3 Bc8 26. Bc3 c6 27. Rb1 Bd7 28.
Nf5 Bxf5 29. Rxf5 Nd7 30. a5 Ra8 31. Rff1 Rff8 32. Rb3 Rfe8 33. Ra1 Kf7 34.
axb6 axb6 35. Rba3 Rxa3 36. Rxa3 Ke6 37. Ra7 Kd6 38. Bd2 Rc8 39. Bf4+ Ke6 40.
Kf2 b5 41. cxb5 cxb5 42. Ke2 Rc6 43. Kd2 Rc8 44. c3 Rc6 45. d4 cxd4 46. cxd4
Rc4 47. Kd3 Rb4 48. Ra6+ Kf7 49. Ra7 Ke6 50. Rb7 Rb2 51. Bd2 Rb3+ 52. Kc2 Rg3
53. Rxb5 Rxg2 54. Kd3 Kd6 55. Bf4+ Kc6 56. Rb1 Ra2 57. Rc1+ Kb5 58. Rc7 Ra3+
59. Ke2 Nb6 60. Rxg7 Rh3 61. Rg6 Rxh5 62. Rxf6 Rh4 63. Kf3 Rh3+ 64. Kg4 Rd3 65.
Rxh6 Nc4 66. d5 Rd4 67. Kf5 Rd1 68. Ke6 Ra1 69. d6 Nb6 70. Rh2 Ra7 71. Rb2+ 1-0

[Event "1.CLZ 24/25,TJ Neratovice-Chess club Pisek"]
[Site "Neratovice"]
[Date "2024.11.24"]
[Round "3.7"]
[White "Novotny, Martin"]
[Black "Kotal, Vaclav"]
[WhiteElo "2095"]
[BlackElo "2125"]
[Result "1/2-1/2"]
[PlyCount "110"]

1. d4 Nf6 2. c4 e6 3. Nf3 d5 4. g3 dxc4 5. Bg2 Nc6 6. Qa4 Bb4+ 7. Bd2 Nd5 8.
Bxb4 Ndxb4 9. Na3 Bd7 10. O-O a6 11. Rfc1 b5 12. Qd1 O-O 13. b3 cxb3 14. axb3
Rb8 15. Rc5 Rb6 16. Nc2 Nd5 17. e4 Nf6 18. e5 Ne4 19. b4 Nxc5 20. dxc5 Rb8 21.
Qe2 Qe7 22. Nfd4 Nxd4 23. Nxd4 f6 24. Rxa6 fxe5 25. Qxe5 Qf6 26. Qxf6 Rxf6 27.
Ra7 e5 28. Rxc7 Rd8 29. Nc6 Bxc6 30. Bxc6 Rd1+ 31. Kg2 Rd2 32. Bxb5 Rfxf2+ 33.
Kh3 Rxh2+ 34. Kg4 g6 35. c6 Rd4+ 36. Kg5 Rxb4 37. Ba6 Rh5+ 38. Kf6 Rf5+ 39. Ke6
Rb8 40. Ra7 Re8+ 41. Kd7 Kf8 42. c7 Rf3 43. c8=Q Rxc8 44. Kxc8 h5 45. Kc7 Rf7+
46. Kb6 Rxa7 47. Kxa7 Ke7 48. Kb6 Ke6 49. Bd3 g5 50. Be4 Kf6 51. Kc5 g4 52. Kd5
Kg5 53. Kxe5 h4 54. gxh4+ Kxh4 55. Kf4 g3 1/2-1/2